|
|
|
|
| LEADER |
01021nam a2200301 a 4500 |
| 001 |
10559 |
| 003 |
BD-DhAAL |
| 005 |
20150304102559.0 |
| 008 |
150304s19981997caua 001 0 eng |
| 010 |
|
|
|a 97209033
|
| 020 |
|
|
|a 0078823269
|
| 040 |
|
|
|a DLC
|c DLC
|d DLC
|d BD-DhAAL
|
| 050 |
0 |
0 |
|a QA76.76.D47
|b M82 1997
|
| 082 |
0 |
0 |
|a 005.2/76
|2 21
|
| 100 |
1 |
|
|a Muller, Robert J.
|9 9029
|
| 245 |
1 |
0 |
|a Oracle developer/2000 handbook 2/E /
|c Robert J. Muller.
|
| 250 |
|
|
|a 2nd ed.
|
| 260 |
|
|
|a Berkeley :
|b Osborne McGraw Hill,
|c c1997 [Reprinted 1998]
|
| 300 |
|
|
|a xvii, 728 p. :
|b ill. ;
|c 23 cm.
|
| 500 |
|
|
|a At head of title: Oracle Press.
|
| 500 |
|
|
|a Includes index.
|
| 541 |
|
|
|e 10559
|
| 630 |
0 |
0 |
|a Oracle (Computer file)
|9 9030
|
| 650 |
|
0 |
|a Relational databases.
|9 9031
|
| 650 |
|
0 |
|a Computer software
|x Development.
|9 9032
|
| 942 |
|
|
|2 ddc
|c BK
|
| 999 |
|
|
|c 33874
|d 33874
|
| 952 |
|
|
|0 0
|1 0
|2 ddc
|4 0
|6 005_276000000000000_MUL
|7 0
|9 52870
|a BRACUL
|b BRACUL
|c GEN
|d 2015-03-04
|l 0
|o 005.276 MUL
|p 3010010559
|r 2015-03-04
|t 1
|w 2015-03-04
|y BK
|